| 000 | 01556cam a22004814i 4500 | ||
|---|---|---|---|
| 003 | PE-LiUPU | ||
| 005 | 20250731165637.0 | ||
| 008 | 150616s r 000 0 d | ||
| 020 | _a0804231257 | ||
| 035 | _a(Sirsi) i9780804231251 | ||
| 040 |
_aPE-LiUPU _bspa _cPE-LiUPU _erda |
||
| 049 | _aPRUA | ||
| 082 | 0 | 4 |
_a225.077 _bI _221 |
| 100 | 1 |
_aSloyan, Gerard S., _eautor. |
|
| 245 | 1 | 0 |
_aJohn / _cGerard S. Sloyan. |
| 264 | 1 |
_aAtlanta : _bJohn Knox Press, _c1988. |
|
| 300 |
_a239 páginas ; _c23 centímetros |
||
| 336 |
_atext _2rdacontent |
||
| 337 |
_aunmediated _2rdamedia |
||
| 338 |
_avolume _2rdacarrier |
||
| 490 | 0 | _a(Interpretation a Bible Commentary for Teaching and Preach) | |
| 505 | 0 | _aThe baptist and the disciples witness to Jesus -- After these things -- Who is Jesús? -- The prelude and then the hour -- Easter and after. | |
| 526 | _aSEG44 | ||
| 526 | _aSEG26 | ||
| 526 | _aP151 | ||
| 526 | _aP150 | ||
| 526 | _aP149 | ||
| 526 | _aP146 | ||
| 526 | _aP145 | ||
| 526 | _aP126 | ||
| 526 | _aP125 | ||
| 526 | _aP92 | ||
| 526 | _aP75 | ||
| 526 | _aP74 | ||
| 526 | _aP27 | ||
| 526 | _aP15 | ||
| 630 |
_aBiblia. _pJuan _xCrítica e interpretación |
||
| 910 | _ajck | ||
| 942 |
_2ddc _cBK |
||
| 949 |
_aRC 225.077 I 43 _wDEWEY _c1 _i40088 _lCCODEBUL1 _mBUL _r0 _sY _tBOOK _u2015-6-16 _xTEOLOGIA _zUNKNOWN _0COMPRA _o.CIRCNOTE. No olvidar cambiar la fecha de devolución!!!!!!! _o.STAFF. Colección General |
||
| 999 |
_c57874 _d57874 |
||
| 980 |
_81 _gALBERTO SANCHEZ Responsable de Automatización |
||